Great leaders mix and match (Record no. 5077)

MARC details
000 -CABECERA
campo de control de longitud fija 01891nam a22002057a 4500
008 - DATOS DE LONGITUD FIJA--INFORMACIÓN GENERAL
campo de control de longitud fija 251022b |||||||| |||| 00| 0 eng d
020 ## - NÚMERO INTERNACIONAL ESTÁNDAR DEL LIBRO
Número Internacional Estándar del Libro 9789063696085
040 ## - FUENTE DE LA CATALOGACIÓN
Centro/agencia transcriptor tbs
041 ## - CÓDIGO DE LENGUA
Código de lengua del texto/banda sonora o título independiente eng
050 ## - SIGNATURA TOPOGRÁFICA DE LA BIBLIOTECA DEL CONGRESO
Número de clasificación HD57.7
Número de documento/Ítem V85 2021
100 ## - ENTRADA PRINCIPAL--NOMBRE DE PERSONA
Nombre de persona Vullings, Ramon
9 (RLIN) 26263
Término indicativo de función/relación author
245 ## - MENCIÓN DE TÍTULO
Título Great leaders mix and match
Resto del título : get ready for the future with the ideaDJ strategy
Mención de responsabilidad, etc. / Ramon Vullings.
260 ## - PUBLICACIÓN, DISTRIBUCIÓN, ETC.
Lugar de publicación, distribución, etc. Amsterdam :
Nombre del editor, distribuidor, etc. BIS Publishers,
Fecha de publicación, distribución, etc. 2021.
300 ## - DESCRIPCIÓN FÍSICA
Extensión 237 pages :
Otras características físicas illustrations (color) ;
Dimensiones 16 cm.
520 ## - SUMARIO, ETC.
Sumario, etc. Great Leaders Mix and Match is a manifesto for more beautiful combinations in (business) life. The world faces complex challenges, and these challenges can only be resolved by mixing and matching ideas. The beauty here lies in the elegance of the solutions which actually make the (business) world a better place and how we are able to solve multiple challenges in one go. Think of a waste incarnation plant which doubles as ski hill. Or think of new solutions for care: an elderly home, combined with children day care and an animal farm, where all parties benefit from the combination. These are real cases where the total (combination) is clearly more than the sum of its parts.<br/><br/>This book serves as a manual and toolbox and outlines how leaders can become 'ideaDJs'. A perfect ideaDJ mix consists of beauty, value and impact. By creating beauty, the solutions have more elegance in their implementation. It adds more value to all stakeholders, not just shareholders. And finally, the solutions create more sustainable and scalable impact.<br/><br/>Besides many exciting examples, this book contains a clear methodology and tool kits. The main focus is to help (business) leaders to change the mindset and attitude of the people around them.
650 #0 - PUNTO DE ACCESO ADICIONAL DE MATERIA--TÉRMINO DE MATERIA
Término de materia o nombre geográfico como elemento de entrada Creative ability in business
9 (RLIN) 4129
650 #0 - PUNTO DE ACCESO ADICIONAL DE MATERIA--TÉRMINO DE MATERIA
Término de materia o nombre geográfico como elemento de entrada Leadership
9 (RLIN) 2600
650 #0 - PUNTO DE ACCESO ADICIONAL DE MATERIA--TÉRMINO DE MATERIA
Término de materia o nombre geográfico como elemento de entrada Strategic planning
9 (RLIN) 3573
942 ## - ELEMENTOS DE ENTRADA AGREGADA (KOHA)
Fuente del sistema de clasificación o colocación Clasificación de Library of Congress
Holdings
Estado de retiro Estado de pérdida Fuente del sistema de clasificación o colocación Estado dañado No para préstamo Biblioteca de origen Biblioteca actual Fecha de adquisición Total de préstamos Signatura topográfica completa Código de barras Fecha de vencimiento Fecha visto por última vez Fecha del último préstamo Número de copia Precio válido a partir de Tipo de ítem Koha
    Clasificación de Library of Congress     TBS Barcelona TBS Barcelona 22/10/2025 1 HD57.7 VUL B05718 28/06/2026 14/05/2026 14/05/2026 1 22/10/2025 Book

Powered by Koha